Η παλαιότερη πεζογραφία μας : από τις αρχές της ως τον πρώτο παγκόσμιο πόλεμο

Αποθηκεύτηκε σε:
Λεπτομέρειες βιβλιογραφικής εγγραφής
Άλλοι συγγραφείς: Δάλλας, Γιάννης, 1924- (Επιμελητής έκδοσης), Στεργιόπουλος, Κώστας (Επιμελητής έκδοσης), Μουλλάς, Παναγιώτης 1935- (Συγγραφέας εισαγωγής κ.λπ.), Βαγενάς, Νάσος, 1945- (Επιμελητής έκδοσης)
Μορφή: Βιβλίο
Γλώσσα:Greek
Δημοσίευση: [Αθήνα] : Σοκόλης, [1997]
Θέματα:
Ετικέτες: Προσθήκη ετικέτας
Δεν υπάρχουν, Καταχωρήστε ετικέτα πρώτοι!

MARC

LEADER 00000nam a2200000 i 4500
001 1/31048
008 060614m1997 gre d
020 |a 960-7210-49-2 (set) 
020 |a 960-7210-60-3 (τ.7) 
035 |l 10084305 
040 |a GR-MY-UA  |b gre  |e aacr 
041 0 |a gre 
082 0 |a 889.09  |2 (22) 
245 1 2 |a Η παλαιότερη πεζογραφία μας :  |b από τις αρχές της ως τον πρώτο παγκόσμιο πόλεμο /  |c Νάσος Βαγενάς...[και ά.] ; εισαγωγή Παν. Μουλλάς 
260 |a [Αθήνα] :   |b Σοκόλης,   |c [1997] 
300 |a 12 τ.;  |c 24 εκ. 
500 |a Η βιβλιοθήκη έχει τον 7 τόμο 
505 0 |a Τ.7 1880-1900 
650 0 0 |a Greek prose literature, Modern. 
700 1 |a Δάλλας, Γιάννης,   |d 1924-  |4 edt 
700 1 |a Στεργιόπουλος, Κώστας.  |4 edt 
700 1 |a Μουλλάς, Παναγιώτης  |d 1935-  |4 aui 
700 1 |4 edt  |a Βαγενάς, Νάσος,   |d 1945- 
852 |a INST  |b RHODES  |e 20060614  |h 889.09 ΠΑΛ  |p 005400024826  |q 005400024826  |t BK  |y 0  |z τ.7 
852 |a INST  |b RHODES  |e 20060614  |h 889.09 ΠΑΛ  |p 005400024826  |q 005400024826  |t BK  |v τ.7:  |y 0  |z τ.7 
853 |a INST  |b RHODES  |h 889.09 ΠΑΛ 
901 |a BIBL4-2006-2 
909 |a Ρ  |b 123775 
970 |a ΚΟΖΑ  |b ΜΑΡΙΑ  |z 2006/06/14